Footballeurs Français avec la Plus Grosse Valeur - Statistiques

Statistiques générales
  • Ce quiz a été pris 902 fois
    283 depuis la dernière actualisation
  • Le résultat moyen est 7 sur 10
Statistiques - réponses
Rang Joueur % Correct
1 Kylian Mbappé
100%
4 Ousmane Dembélé
91%
3 Désiré Doué
85%
9 Bradley Barcola
79%
5 William Saliba
71%
8 Aurélien Tchouameni
69%
2 Michael Olise
68%
10 Jules Koundé
60%
7 Marcus Thuram
45%
6 Hugo Ekitike
30%
Aucun quiz correspondant
Distribution des résultats
% des personnes avec chaque résultat
Percentile par nombre de réponses
Votre historique - résultats
Vous n’avez pas pris ce quiz depuis la dernière actualisation